000 00839nam a2200253Ia 4500
003 OSt
005 20221005080738.0
006 a|||||r|||| 00| 0
007 ta
008 221004b |||||||| |||| 00| 0 eng d
020 _a9780198099154 (hbk)
_c1195
024 _a22621
037 _b105343, 11/03/2015, International Book Distributors
_cTextual
040 _aCRL
_cCRL
_beng
041 _2eng
_aeng
082 _aV271.N, Q5
100 _aSengupta Jayanta
_9459275
245 0 _aAt the margins
_b Discources of development, democracy, and regionalism in Orissa
260 _aNew Delhi
_bOxfrod University Press India
_c2015
300 _axiv, 441p.
_ccm.
650 _aHISTORY
942 _hV271.N, Q5
_cTEXL
_2cc
999 _c986658
_d986658